Hottest Men Of All Time - Picture Quiz - Statistics

General Stats
  • This quiz has been taken 262 times
  • The average score is 11 of 20
Answer Stats
Picture Answer % Correct
Elvis Presley
94%
Leonardo DiCaprio
91%
Brad Pitt
89%
George Clooney
83%
Justin Timberlake
76%
Pharrell Williams
71%
Denzel Washington
63%
Heath Ledger
63%
James Dean
61%
Kurt Cobain
60%
Clint Eastwood
51%
Marlon Brando
50%
Jared Leto
45%
Richard Gere
43%
Ricky Martin
40%
Robert Redford
38%
Paul Newman
36%
Cary Grant
32%
Steve McQueen
27%
Rock Hudson
18%
No matching quizzes found
Score Distribution
Percent of People with Each Score
Percentile by Number Answered
Your Score History
You have not taken this quiz